[Event "Dortmund op-B"]
[Site "Dortmund"]
[Date "2007.06.29"]
[Round "7"]
[White "Matthias, Kurt"]
[Black "Kotainy, Gregor"]
[Result "0-1"]
[WhiteElo "1583"]
[BlackElo "1699"]
[PlyCount "142"]
[EventDate "2007.06.22"]
[EventType "swiss"]
[EventRounds "9"]
[EventCountry "GER"]
[SourceTitle "EXT 2008"]
[Source "ChessBase"]
[SourceDate "2007.11.25"]
[SourceVersion "1"]
[SourceVersionDate "2007.11.25"]
[SourceQuality "1"]

1. e4 d5 2. exd5 Qxd5 3. Nc3 Qa5 4. d3 c6 5. Bd2 Nf6 6. Nf3 Bg4 7. Be2 Qc7 8. h3 Bxf3 9. Bxf3 e6 10. a3 Bc5 11. b4 Bd4 12. Rb1 Nbd7 13. Ne2 Bb6 14. c4 a6 15. a4 Ne5 16. Bf4 Nxf3+ 17. gxf3 Qd8 18. Qd2 Nh5 19. Rd1 Nxf4 20. Qxf4 Qe7 21. c5 Bc7 22. Qg4 Qf6 23. 0-0 Rd8 24. d4 h5 25. Qe4 Rd5 26. f4 Qh4 27. Rd3 Rh6 28. Rg3 f5 29. Qg2 Rd7 30. Rxg7 Qf6 31. Rg8+ Kf7 32. Kh1 Rg6 33. Rxg6 Qxg6 34. Qxg6+ Kxg6 35. Kg2 Bd8 36. Kf3 Bf6 37. Rg1+ Kf7 38. Ke3 Rd8 39. b5 axb5 40. axb5 Ra8 41. bxc6 Ra3+ 42. Kd2 bxc6 43. Rg3 Ra2+ 44. Kd3 h4 45. Rg1 Bd8 46. Nc3 Rxf2 47. Rb1 Rxf4 48. Rb7+ Ke8 49. Ke3 Rf1 50. Rh7 Rh1 51. Kf4 Rxh3 52. Ne2 Rh2 53. Ng1 Be7 54. Nf3 Rg2 55. Rh8+ Kf7 56. Ne5+ Kg7 57. Rc8 Bg5+ 58. Kf3 Rg3+ 59. Ke2 Re3+ 60. Kf2 Re4 61. Rc7+ Kf8 62. Rxc6 Be3+ 63. Kg2 Bxd4 64. Nf3 Re2+ 65. Kh3 Re3 66. Kg2 h3+ 67. Kg3 h2 68. Kxh2 Rxf3 69. Rc8+ Ke7 70. c6 Rc3 71. c7 Be5+ 0-1

[Event "Suedwestfalen-ch U18"]
[Site "Meinerzhagen"]
[Date "2004.04.06"]
[Round "5"]
[White "Petz, Stephan"]
[Black "Kotainy, Gregor"]
[Result "1/2-1/2"]
[WhiteElo "1720"]
[BlackElo "1571"]
[PlyCount "131"]
[EventDate "2004.04.03"]
[EventType "tourn"]
[EventRounds "7"]
[EventCountry "GER"]
[SourceTitle "EXT 2006"]
[Source "ChessBase"]
[SourceDate "2005.11.24"]
[SourceVersion "1"]
[SourceVersionDate "2005.11.24"]
[SourceQuality "1"]

1. e4 c5 2. Nc3 g6 3. f4 d6 4. Nf3 Bg7 5. Bc4 Bg4 6. Bxf7+ Kxf7 7. Ng5+ Ke8 8. Qxg4 Nf6 9. Qh3 Qd7 10. Ne6 Kf7 11. f5 Nc6 12. a3 Nd4 13. Nxd4 cxd4 14. Nd5 Qc6 15. Nxf6 exf6 16. Qb3+ Kf8 17. 0-0 Qxe4 18. d3 Qc6 19. Bf4 g5 20. Bg3 h5 21. Qe6 Rd8 22. Rae1 Qd7 23. Qxd7 Rxd7 24. Re6 Kf7 25. Bxd6 Rhd8 26. Bb4 Bf8 27. Bxf8 Rxf8 28. Rfe1 Rc8 29. R1e2 Rc5 30. g4 hxg4 31. R6e4 g3 32. hxg3 Rxf5 33. Kg2 Rb5 34. b3 Rc5 35. Kf3 a5 36. a4 b5 37. axb5 Rxb5 38. Re6 Rc5 39. Ra6 Re7 40. Rxe7+ Kxe7 41. g4 Rxc2 42. Rxa5 Rc3 43. Ke4 Rxb3 44. Ra4 Rb5 45. Rxd4 Re5+ 46. Kf3 f5 47. gxf5 Rxf5+ 48. Kg4 Rf4+ 49. Rxf4 gxf4 50. Kf3 Kd6 51. Kxf4 Kd5 52. Ke3 Ke5 53. d4+ Kd5 54. Kd3 Kd6 55. Ke4 Ke6 56. Kf4 Kd5 57. Ke3 Kd6 58. Ke4 Ke6 59. d5+ Kd6 60. Kd4 Kd7 61. Kc5 Kc7 62. d6+ Kd7 63. Kd5 Kd8 64. Kc6 Kc8 65. d7+ Kd8 66. Kd6 1/2-1/2